000 00561nam a2200193 a 4500
008 951213s1977||||CS 0 slo c
020 _c10 Kčs.
_q(5000 výtl.)
040 _aSNK
_bslo
_cSNK
_eAACR2
044 _axo
_cSK
080 _a885.4-3
100 1 _aMoric, Rudo
245 1 0 _aSmrť tridsaťsedmičky
_cRudo Moric ; Dušan Grečner
260 _aBratislava
_bSlovenský spisovateľ
_c1977
_eVimperk
_fStráž
300 _a84 s., 4,20 AH
_c20 cm
500 _aIlustr. na predsádkach.
700 1 _aGrečner, Dušan
_4gup
041 _aslo
958 _aA
999 _c12278
_d12278